|
|
|
|
| LEADER |
01187nam a2200301 a 4500 |
| 001 |
38348 |
| 003 |
BD-DhAAL |
| 005 |
20220410150726.0 |
| 008 |
220410t2007 nyua b 001 0aeng d |
| 999 |
|
|
|c 44034
|d 44034
|
| 010 |
|
|
|a 2007013169
|
| 020 |
|
|
|a 9781594201318
|
| 040 |
|
|
|a DLC
|c DLC
|d DLC
|d BD-DhAAL
|
| 043 |
|
|
|a n-us---
|
| 050 |
0 |
0 |
|a HB119.G74
|b A3 2007
|
| 082 |
0 |
0 |
|a 332.11092
|2 22
|
| 100 |
1 |
|
|a Greenspan, Alan,
|d 1926-
|9 47865
|
| 245 |
1 |
4 |
|a The age of turbulence :
|b adventures in a new world /
|c Alan Greenspan.
|
| 260 |
|
|
|a New York :
|b Penguin Press,
|c 2007.
|
| 300 |
|
|
|a 531 pages :
|b illustrations ;
|c 25 cm.
|
| 504 |
|
|
|a Includes bibliographical references (pages [510]-512) and index.
|
| 541 |
|
|
|a Donated By Akbar Ali Khan
|e 38348
|
| 600 |
1 |
0 |
|a Greenspan, Alan,
|d 1926-
|9 47865
|
| 650 |
|
0 |
|a Government economists
|z United States
|v Biography.
|9 47866
|
| 651 |
|
0 |
|a United States
|x Economic conditions
|y 1945-
|9 47867
|
| 852 |
|
|
|a Ayesha Abed Library
|c Akbar Ali Khan Collection
|
| 942 |
|
|
|2 ddc
|c BK
|
| 952 |
|
|
|0 0
|1 0
|2 ddc
|4 0
|6 332_110920000000000_GRE
|7 1
|9 70484
|a BRACUL
|b BRACUL
|c AAKC
|d 2022-04-10
|e Donated by Akbar Ali Khan
|l 0
|o 332.11092 GRE
|p 3010038348
|r 2022-04-10
|t 1
|w 2022-04-10
|y BK
|